Statistics for Who Did they play

Click here to take the quiz!

General Stats

  • This quiz has been taken 7 times
  • The average score is 5 of 14

Answer Stats

Actor Movie Role % Correct
Robert DeNiroRaging BullJake Lamotta
100%
Denzel WashingtonThe HurricaneRuben Carter
80%
DB SweenyEight Men outJoe Jackson
60%
Chadwick Boseman42Jackie Robinson
60%
Brad PittMoneyballBilly Beane
60%
Gary CooperPride of the YankeesLou Gerhig
60%
Kurt RussellMiracleHerb Brooks
40%
James CaanBrian's SongBrian Piccolo
40%
Matt DamonInvictusFrancois Pienaar
20%
Glenn FordFollow the SunBen Hogan
20%
Ben CrossChariots of FireHarold Abrahams
0%
Dennis QuaidThe RookieJim Morris
0%
Mathew McConaugheyWe Are MarshallJack Lengyel
0%
Chris HemsworthRushJames Hunt
0%

Score Distribution

Percentile by Number Answered

Percent of People with Each Score

Your Score History

You have not taken this quiz